[Event "Online Olym Div3 E 2020"]
[Site "chess.com INT"]
[Date "2020.07.07"]
[Round "1.4"]
[Board "2"]
[White "Del Castilho, Martyn"]
[Black "Urbina, Ricardo"]
[Result "1-0"]
[WhiteTitle "FM"]
[BlackTitle "IM"]
[WhiteElo "2293"]
[BlackElo "2212"]
[WhiteTeam "Barbados"]
[BlackTeam "Honduras"]
[WhiteFideId "11100400"]
[BlackFideId "8400253"]
[EventDate "2020.07.07"]
[EventType "team"]

1. e4 c5 2. Nf3 Nc6 3. d4 cxd4 4. Nxd4 g6 5. c4 Bg7 6. Be3 Nf6 7. Nc3 O-O 8. Be2
Nxd4 9. Bxd4 d6 10. O-O Bd7 11. Qd3 Bc6 12. b4 b6 13. Rad1 Nd7 14. Bxg7 Kxg7 15.
f4 Qc7 16. a3 Rad8 17. Qd4+ Kg8 18. Rf3 Nf6 19. Rh3 a5 20. Qe3 axb4 21. axb4 Qa7
22. e5 Nd7 23. f5 dxe5 24. Rxd7 Qxd7 25. Qh6 Qd4+ 26. Kh1 1-0

[Event "Online Olym Div3 E 2020"]
[Site "chess.com INT"]
[Date "2020.07.07"]
[Round "1.4"]
[Board "3"]
[White "Cruz, Bitia"]
[Black "Blackman, Katrina"]
[Result "0-1"]
[WhiteTitle "WCM"]
[BlackTitle "WCM"]
[WhiteElo "1582"]
[BlackElo "1701"]
[WhiteTeam "Honduras"]
[BlackTeam "Barbados"]
[WhiteFideId "8400644"]
[BlackFideId "11100540"]
[EventDate "2020.07.07"]
[EventType "team"]

1. e4 e6 2. d4 d5 3. Nd2 Nf6 4. e5 Nfd7 5. Ngf3 c5 6. c3 Nc6 7. Bb5 Be7 8. O-O
O-O 9. Qa4 Qb6 10. Bxc6 bxc6 11. Qc2 cxd4 12. cxd4 c5 13. dxc5 Nxc5 14. a3 Ba6
15. Re1 Rac8 16. Re3 Nd3 17. Qd1 Bc5 18. Nf1 Nxc1 19. Rxc1 Bxe3 20. Nxe3 Qxb2
21. Rb1 Qc3 22. h3 h6 23. Ng4 Qc2 24. Qe1 Rc7 25. Qa5 Qxb1+ 26. Kh2 Rc6 27. Qd2
Rc2 28. Qf4 Rfc8 29. Nh4 Bd3 30. Ne3 Re2 31. Ng4 Qc1 32. Qf3 Qd2 33. a4 Be4 34.
Qb3 Qf4+ 35. g3 Rxf2+ 36. Nxf2 Qxf2+ 37. Ng2 Qxg2# 0-1

[Event "Online Olym Div3 E 2020"]
[Site "chess.com INT"]
[Date "2020.07.07"]
[Round "1.4"]
[Board "5"]
[White "Miller, Marlon"]
[Black "Mahtani, Nitin"]
[Result "1-0"]
[WhiteTitle "FM"]
[WhiteElo "2092"]
[BlackElo "1736"]
[WhiteTeam "Honduras"]
[BlackTeam "Barbados"]
[WhiteFideId "8400555"]
[BlackFideId "11102870"]
[EventDate "2020.07.07"]
[EventType "team"]

1. d4 d5 2. Nf3 Nf6 3. c4 c6 4. g3 dxc4 5. Bg2 e6 6. O-O b5 7. a4 Bb7 8. b3 cxb3
9. Qxb3 b4 10. a5 Be7 11. Rd1 O-O 12. Ne5 Qc8 13. Bg5 a6 14. Nd2 h6 15. Bxf6
Bxf6 16. Ndc4 Qc7 17. Qxb4 Rd8 18. Rab1 Ra7 19. Qc5 Ba8 20. e3 Nd7 21. Nxd7 Qxd7
22. Nb6 Qc7 23. Rdc1 Be7 24. Qc4 Bb7 25. Bxc6 Bxc6 26. Qxc6 Bd6 27. Rc2 Qxc6 28.
Rxc6 Rc7 29. Rbc1 Rxc6 30. Rxc6 Bb4 31. Nc4 Rd5 32. Rxa6 Kf8 33. Ra8+ Ke7 34. a6
Rd7 35. Ne5 Rc7 36. a7 Kf6 37. Nc6 Rxc6 38. Rb8 Bd6 39. a8=Q Rc1+ 40. Kg2 Bxb8
41. Qxb8 Kg6 42. h4 h5 43. Qe5 f6 44. Qxe6 Ra1 45. d5 Ra5 46. d6 Re5 47. Qc8 Rd5
48. d7 Rd3 49. d8=Q Rxd8 50. Qxd8 f5 51. Qg5+ Kf7 52. Qxf5+ 1-0

[Event "Online Olym Div3 E 2020"]
[Site "chess.com INT"]
[Date "2020.07.07"]
[Round "1.4"]
[Board "6"]
[White "Greenidge, Vanessa"]
[Black "Garcia Reyes, Alejandra Nicolle"]
[Result "0-1"]
[WhiteElo "1496"]
[BlackElo "1531"]
[WhiteTeam "Barbados"]
[BlackTeam "Honduras"]
[WhiteFideId "11103876"]
[BlackFideId "8403023"]
[EventDate "2020.07.07"]
[EventType "team"]

1. d4 d5 2. c4 e6 3. Nc3 Nf6 4. cxd5 exd5 5. Bg5 Nbd7 6. e3 Be7 7. Qc2 O-O 8.
Bd3 h6 9. Bh4 c6 10. Nge2 Ne8 11. Bg3 Nd6 12. O-O Nf6 13. f3 Be6 14. b3 Qd7 15.
Rad1 Nf5 16. Bf2 Rfe8 17. e4 dxe4 18. fxe4 Nxd4 19. Nxd4 Bc5 20. Nxe6 Bxf2+ 21.
Qxf2 Qxe6 22. Qf5 Qe7 23. Rde1 Qd6 24. Qf2 Qxd3 25. e5 Ng4 26. Qb2 Qd4+ 27. Kh1
Rxe5 28. Rxe5 Qxe5 29. Qd2 Qxh2# 0-1

[Event "Online Olym Div3 E 2020"]
[Site "chess.com INT"]
[Date "2020.07.07"]
[Round "1.5"]
[Board "1"]
[White "Alfaro, William"]
[Black "Sanchez Alvarez, Roberto Carlos"]
[Result "0-1"]
[WhiteTitle "FM"]
[BlackTitle "IM"]
[WhiteElo "2135"]
[BlackElo "2409"]
[WhiteTeam "Nicaragua"]
[BlackTeam "Panama"]
[WhiteFideId "6100457"]
[BlackFideId "3508684"]
[EventDate "2020.07.07"]
[EventType "team"]

1. e4 c5 2. c3 Nf6 3. e5 Nd5 4. d4 cxd4 5. Qxd4 e6 6. Nf3 Nc6 7. Qe4 f5 8. Qe2
b5 9. g3 a5 10. Bg2 Be7 11. O-O O-O 12. Rd1 Qc7 13. Qxb5 Ba6 14. Qa4 Nxe5 15.
Nxe5 Qxe5 16. Bxd5 exd5 17. Bf4 Qe2 18. Nd2 Bc5 19. Rf1 g5 20. Qxd7 Rad8 21. Qc6
gxf4 22. Qxc5 Qxd2 23. Rfd1 Qxb2 24. Rab1 Qxa2 25. Rb6 Be2 26. Re1 f3 27. Rb7 d4
28. Qe7 Qf7 29. Qg5+ Qg6 30. Qe7 d3 31. Qe6+ Qxe6 0-1

[Event "Online Olym Div3 E 2020"]
[Site "chess.com INT"]
[Date "2020.07.07"]
[Round "1.5"]
[Board "2"]
[White "Baules, Jorge"]
[Black "Ortiz, Marcos"]
[Result "1/2-1/2"]
[WhiteTitle "IM"]
[WhiteElo "2355"]
[BlackElo "2191"]
[WhiteTeam "Panama"]
[BlackTeam "Nicaragua"]
[WhiteFideId "6600247"]
[BlackFideId "6100678"]
[EventDate "2020.07.07"]
[EventType "team"]

1. d4 Nf6 2. Nf3 g6 3. c4 Bg7 4. g3 O-O 5. Bg2 d6 6. O-O c6 7. Nc3 Qa5 8. h3 Be6
9. d5 cxd5 10. Nd4 dxc4 11. Bxb7 Nbd7 12. Bxa8 Rxa8 13. Nxe6 fxe6 14. Qa4 Qxa4
15. Nxa4 Ne4 16. Be3 Nb6 17. Bxb6 axb6 18. Nxb6 Ra6 19. Nxc4 d5 20. Ne3 Bxb2 21.
Rab1 Rxa2 22. Nd1 Be5 23. Re1 h5 24. h4 Kf7 25. Rc1 Bd4 26. Kg2 Be5 27. Kg1 Bd4
28. Kg2 Be5 29. Kg1 1/2-1/2

[Event "Online Olym Div3 E 2020"]
[Site "chess.com INT"]
[Date "2020.07.07"]
[Round "1.5"]
[Board "3"]
[White "Granados Diaz, Maria Esther"]
[Black "Carrillo Marval, Maria Angelica"]
[Result "1/2-1/2"]
[WhiteTitle "WIM"]
[BlackTitle "WCM"]
[WhiteElo "1839"]
[BlackElo "1730"]
[WhiteTeam "Nicaragua"]
[BlackTeam "Panama"]
[WhiteFideId "6101488"]
[BlackFideId "3911853"]
[EventDate "2020.07.07"]
[EventType "team"]

1. e4 c5 2. Nf3 d6 3. d4 cxd4 4. Nxd4 Nf6 5. Nc3 g6 6. Be3 Bg7 7. Be2 O-O 8. f3
Nc6 9. Qd2 Bd7 10. O-O-O Qa5 11. Nb3 Qc7 12. Bh6 Rfc8 13. Bxg7 Kxg7 14. h4 Na5
15. Nd5 Nxb3+ 16. axb3 Nxd5 17. exd5 Bf5 18. c3 Qa5 19. Qd4+ Kg8 20. Kd2 Qa2 21.
c4 Qxb3 22. Rc1 Qb4+ 23. Ke3 Qc5 24. g4 Qxd4+ 25. Kxd4 Bd7 26. b4 b6 27. h5 Kg7
28. Rh2 e5+ 29. Ke3 f5 30. hxg6 hxg6 31. gxf5 Bxf5 32. Bd3 Rh8 1/2-1/2

[Event "Online Olym Div3 E 2020"]
[Site "chess.com INT"]
[Date "2020.07.07"]
[Round "1.5"]
[Board "4"]
[White "Barria Baker, Raisa Melissa"]
[Black "Ferrufino, Michelle"]
[Result "1-0"]
[WhiteTitle "WFM"]
[WhiteElo "1955"]
[BlackElo "1822"]
[WhiteTeam "Panama"]
[BlackTeam "Nicaragua"]
[WhiteFideId "6600336"]
[BlackFideId "6103162"]
[EventDate "2020.07.07"]
[EventType "team"]

1. d4 d5 2. c4 e6 3. Nc3 f5 4. Nf3 Nf6 5. Bf4 c6 6. e3 Be7 7. Bd3 O-O 8. Qc2 Ne4
9. g4 Nxc3 10. bxc3 Bd6 11. Bg3 Kh8 12. gxf5 exf5 13. Ne5 Be6 14. c5 Be7 15. Rb1
b6 16. cxb6 axb6 17. h4 b5 18. Ke2 Ra3 19. Rb3 Qa5 20. Rxa3 Qxa3 21. Bf4 Qa8 22.
h5 Nd7 23. Qb1 Nxe5 24. Bxe5 Qc8 25. h6 Bf6 26. hxg7+ Bxg7 27. Bxg7+ Kxg7 28.
Qg1+ Kh8 29. Qg3 Qd8 30. Rh6 Rf6 31. Qg5 Rf8 32. Qxd8 Rxd8 33. Rxe6 Ra8 34. Rxc6
Rxa2+ 35. Kf3 Ra3 36. Bxf5 Kg7 37. Be6 Ra8 38. Bxd5 Rf8+ 39. Kg2 Rf5 40. Be4
Rg5+ 41. Kf3 h5 42. Rc5 1-0

[Event "Online Olym Div3 E 2020"]
[Site "chess.com INT"]
[Date "2020.07.07"]
[Round "1.5"]
[Board "5"]
[White "Espinoza Solano, Jose Nahum"]
[Black "Mendez, Andre"]
[Result "1-0"]
[WhiteElo "2082"]
[BlackElo "1651"]
[WhiteTeam "Nicaragua"]
[BlackTeam "Panama"]
[WhiteFideId "6104428"]
[BlackFideId "6603793"]
[EventDate "2020.07.07"]
[EventType "team"]

1. e4 e5 2. Nf3 Nc6 3. Bc4 Bc5 4. O-O Nf6 5. c3 Nxe4 6. d4 d5 7. Bb5 exd4 8.
cxd4 Bd6 9. Re1 O-O 10. Nbd2 f5 11. Bxc6 bxc6 12. Qc2 Qf6 13. b3 Bd7 14. Bb2 Qh6
15. Nf1 Rae8 16. Ne5 Bxe5 17. dxe5 f4 18. f3 Ng5 19. Bd4 Re6 20. Bxa7 Rg6 21.
Kh1 Qh5 22. Nd2 Rh6 23. Bg1 Bf5 24. Qc5 Be4 25. fxe4 f3 26. Qf2 Nxe4 27. Nxe4
dxe4 28. Rxe4 Qf5 29. gxf3 Rh3 30. Rf1 Qe6 31. Qe2 Rh5 32. Qc4 1-0

[Event "Online Olym Div3 E 2020"]
[Site "chess.com INT"]
[Date "2020.07.07"]
[Round "1.5"]
[Board "6"]
[White "Vasquez Jaen, Lourdes Lorena"]
[Black "Munoz Cortez, Anahi Alexandra"]
[Result "0-1"]
[WhiteElo "1539"]
[BlackElo "1284"]
[WhiteTeam "Panama"]
[BlackTeam "Nicaragua"]
[WhiteFideId "6605559"]
[BlackFideId "6109527"]
[EventDate "2020.07.07"]
[EventType "team"]

1. e4 e5 2. Nf3 Nc6 3. d4 exd4 4. Nxd4 Nxd4 5. Qxd4 d6 6. Nc3 Be6 7. Be3 Be7 8.
Be2 Nf6 9. h3 h6 10. Qd2 O-O 11. O-O a6 12. f4 Bd7 13. Rad1 Re8 14. e5 Nh7 15.
Bf3 Bc8 16. Nd5 dxe5 17. fxe5 Ng5 18. Qc3 Nxf3+ 19. Rxf3 Be6 20. Nf6+ Bxf6 21.
Rxd8 Bxd8 22. Bf2 c6 23. Qb4 b5 24. Rd3 Bd5 25. Bd4 Be7 26. Bc5 Bxc5+ 27. Qxc5
Rxe5 28. Qd6 Rae8 29. Rd2 Re1+ 30. Kh2 R1e6 31. Qg3 Rg6 32. Qf4 Rf6 33. Qd4 Rfe6
34. Qb6 Re2 35. Rxe2 Rxe2 36. Qb8+ Kh7 37. h4 Rxg2+ 38. Kh3 Rxc2 39. Qb7 Be6+
40. Kg3 Bd5 41. Qxa6 Rg2+ 42. Kh3 Rxb2 43. a3 Rb3+ 44. Kg4 Kg6 0-1

[Event "Online Olym Div3 E 2020"]
[Site "chess.com INT"]
[Date "2020.07.07"]
[Round "2.1"]
[Board "1"]
[White "Cu Hor, Winston Darwin"]
[Black "Sanchez Alvarez, Roberto Carlos"]
[Result "1/2-1/2"]
[WhiteTitle "FM"]
[BlackTitle "IM"]
[WhiteElo "2333"]
[BlackElo "2409"]
[WhiteTeam "Guatemala"]
[BlackTeam "Panama"]
[WhiteFideId "7300662"]
[BlackFideId "3508684"]
[EventDate "2020.07.07"]
[EventType "team"]

1. Nc3 c5 2. e4 d6 3. Bc4 Nc6 4. Nf3 Nf6 5. O-O Bg4 6. h3 Bh5 7. Re1 e6 8. d3 a6
9. Bf4 b5 10. Bb3 Be7 11. a4 b4 12. Nb1 Bxf3 13. Qxf3 Nd4 14. Qd1 Nxb3 15. cxb3
O-O 16. Nd2 d5 17. Rc1 Rc8 18. Qf3 h6 19. Re2 Re8 20. Rce1 Qd7 21. Be5 Nh7 22.
Qg4 Bf6 23. exd5 Qxd5 24. Nc4 Rcd8 25. Rd1 Bxe5 26. Rxe5 Qc6 27. Qg3 Nf6 28. Qe3
Rd4 29. Na5 Qc7 30. Rc1 Nd5 31. Qxd4 cxd4 32. Rxc7 Nxc7 33. Rc5 Nd5 34. g3 Kf8
35. Nc6 Rc8 36. Rc4 Nb6 37. Rc2 a5 38. Kf1 e5 39. Ke2 Ke8 40. Kd2 f6 41. Nxa5
Rxc2+ 42. Kxc2 Kd7 43. Nc4 Nd5 44. Kd2 Ke6 45. Ke2 f5 46. a5 Nc7 47. Kf3 g6 48.
g4 Kd5 49. Nb6+ Ke6 50. Ke2 h5 51. g5 Na6 52. h4 Nc5 53. f3 Kd6 54. Nc4+ Ke6 55.
Nb6 Kd6 56. Nc4+ Ke6 57. Nb6 1/2-1/2

[Event "Online Olym Div3 E 2020"]
[Site "chess.com INT"]
[Date "2020.07.07"]
[Round "2.1"]
[Board "2"]
[White "Baules, Jorge"]
[Black "Lorenzana, Wilson Estuardo"]
[Result "1-0"]
[WhiteTitle "IM"]
[BlackTitle "IM"]
[WhiteElo "2355"]
[BlackElo "2220"]
[WhiteTeam "Panama"]
[BlackTeam "Guatemala"]
[WhiteFideId "6600247"]
[BlackFideId "7300239"]
[EventDate "2020.07.07"]
[EventType "team"]

1. e4 c5 2. Nf3 e6 3. d4 cxd4 4. Nxd4 a6 5. Bd3 Bc5 6. Nb3 Be7 7. O-O Nc6 8. c4
Nf6 9. Nc3 d6 10. Be3 O-O 11. f4 Bd7 12. Qf3 Re8 13. Kh1 Rc8 14. a3 Qc7 15. Rac1
Qb8 16. c5 dxc5 17. e5 Nd5 18. Qh3 f5 19. exf6 Nxf6 20. Ne4 g6 21. Nbxc5 Qc7 22.
Ng5 Bxc5 23. Bxc5 e5 24. Qh6 Be6 25. Nxe6 Rxe6 26. Bc4 Re8 27. f5 gxf5 28. Bxe6+ 1-0

[Event "Online Olym Div3 E 2020"]
[Site "chess.com INT"]
[Date "2020.07.07"]
[Round "2.1"]
[Board "3"]
[White "Mazariegos, Silvia Carolina"]
[Black "Chung, Yaleika"]
[Result "1/2-1/2"]
[WhiteTitle "WIM"]
[BlackTitle "WFM"]
[WhiteElo "1933"]
[BlackElo "1706"]
[WhiteTeam "Guatemala"]
[BlackTeam "Panama"]
[WhiteFideId "7300115"]
[BlackFideId "6600603"]
[EventDate "2020.07.07"]
[EventType "team"]

1. d4 d5 2. Bf4 Nf6 3. e3 e6 4. Bd3 c5 5. c3 Nc6 6. Nf3 Bd6 7. Bg5 O-O 8. Nbd2
e5 9. dxe5 Nxe5 10. Nxe5 Bxe5 11. Nf3 Bd6 12. Qc2 h6 13. Bh4 Be7 14. h3 Be6 15.
O-O-O Qa5 16. Kb1 Rfe8 17. g4 Ne4 18. Bxe7 Rxe7 19. Nh4 b5 20. Nf5 Rb7 21. f3 1/2-1/2

[Event "Online Olym Div3 E 2020"]
[Site "chess.com INT"]
[Date "2020.07.07"]
[Round "2.1"]
[Board "4"]
[White "Barria Baker, Raisa Melissa"]
[Black "Mencos Castillo, Maria"]
[Result "1-0"]
[WhiteTitle "WFM"]
[BlackTitle "WIM"]
[WhiteElo "1955"]
[BlackElo "1865"]
[WhiteTeam "Panama"]
[BlackTeam "Guatemala"]
[WhiteFideId "6600336"]
[BlackFideId "7300867"]
[EventDate "2020.07.07"]
[EventType "team"]

1. d4 d5 2. Nf3 Nf6 3. c4 e6 4. Nc3 c6 5. Bf4 Bb4 6. e3 Ne4 7. Qc2 Qa5 8. Rc1
Qxa2 9. Bd3 Nxc3 10. bxc3 Qxc2 11. Rxc2 Be7 12. Ke2 Nd7 13. g4 dxc4 14. Bxc4 Nb6
15. Bd3 O-O 16. Rg1 a5 17. h4 Nd5 18. Be5 b5 19. e4 Nb6 20. g5 Ba6 21. h5 Rfc8
22. g6 hxg6 23. hxg6 f6 24. Bf4 Kf8 25. Rh1 Ke8 26. Rh7 Bf8 27. e5 Nd5 28. Bc1
b4 29. exf6 Nxf6 30. Bg5 Bxd3+ 31. Kxd3 Nd5 32. c4 Ne7 33. Re2 c5 34. Rxe6 cxd4
35. Bxe7 Bxe7 36. Rxg7 Ra7 37. Ne5 Kf8 38. Rf7+ Ke8 39. g7 1-0

[Event "Online Olym Div3 E 2020"]
[Site "chess.com INT"]
[Date "2020.07.07"]
[Round "2.1"]
[Board "5"]
[White "Aragon Trujillo, Ricardo M."]
[Black "Mendez, Andre"]
[Result "1-0"]
[WhiteTitle "CM"]
[WhiteElo "1875"]
[BlackElo "1651"]
[WhiteTeam "Guatemala"]
[BlackTeam "Panama"]
[WhiteFideId "7303033"]
[BlackFideId "6603793"]
[EventDate "2020.07.07"]
[EventType "team"]

1. e4 e5 2. Nf3 Nc6 3. Bc4 Bc5 4. c3 Nf6 5. d3 O-O 6. O-O a6 7. Bb3 Ba7 8. Nbd2
d6 9. h3 Be6 10. Bc2 Ne7 11. Re1 Ng6 12. Nf1 Qd7 13. d4 Qc8 14. Ng3 c6 15. Bg5
Ne8 16. Nf5 f6 17. Be3 d5 18. N3h4 Qc7 19. Nxg6 hxg6 20. Nh4 Bf7 21. exd5 f5 22.
dxe5 Bxe3 23. Rxe3 g5 24. Nxf5 Bxd5 25. Ng3 Rf4 26. Qh5 Qe7 27. Qh7+ 1-0

[Event "Online Olym Div3 E 2020"]
[Site "chess.com INT"]
[Date "2020.07.07"]
[Round "2.1"]
[Board "6"]
[White "Vasquez Jaen, Lourdes Lorena"]
[Black "Santiago Sontay, Jenny Fernanda"]
[Result "0-1"]
[WhiteElo "1539"]
[BlackElo "1708"]
[WhiteTeam "Panama"]
[BlackTeam "Guatemala"]
[WhiteFideId "6605559"]
[BlackFideId "7303084"]
[EventDate "2020.07.07"]
[EventType "team"]

1. e4 e6 2. d4 d5 3. e5 c5 4. c3 Nc6 5. Nf3 Qb6 6. a3 Nge7 7. b4 cxd4 8. cxd4
Nf5 9. Be3 Nxe3 10. fxe3 g6 11. Bd3 Bd7 12. O-O Rc8 13. Ng5 Nxe5 14. Rf2 Nxd3
15. Qxd3 Rc1+ 16. Rf1 Bb5 17. Qxb5+ Qxb5 18. Rxc1 Qe2 19. Nc3 Qxe3+ 20. Kh1 Qxg5
21. Nb5 Be7 22. Rc8+ Bd8 23. Nd6+ Ke7 24. Nxb7 Kd7 25. Rc3 Bb6 26. Nc5+ Bxc5 27.
bxc5 Rb8 28. c6+ Kc7 29. Rf1 f6 0-1

[Event "Online Olym Div3 E 2020"]
[Site "chess.com INT"]
[Date "2020.07.07"]
[Round "2.2"]
[Board "1"]
[White "Husbands, Orlando"]
[Black "Alfaro, William"]
[Result "1/2-1/2"]
[WhiteTitle "IM"]
[BlackTitle "FM"]
[WhiteElo "2324"]
[BlackElo "2135"]
[WhiteTeam "Barbados"]
[BlackTeam "Nicaragua"]
[WhiteFideId "11101644"]
[BlackFideId "6100457"]
[EventDate "2020.07.07"]
[EventType "team"]

1. e4 c5 2. Nf3 Nc6 3. d4 cxd4 4. Nxd4 g6 5. Nc3 Bg7 6. Be3 Nf6 7. Bc4 O-O 8.
Bb3 a5 9. O-O a4 10. Nxa4 Nxe4 11. Nb5 d5 12. Qe2 e6 13. Rad1 Qh4 14. Nb6 Ra6
15. Nxc8 Rxc8 16. c4 dxc4 17. Qxc4 Ne7 18. g3 Rxc4 19. Rd8+ Bf8 20. gxh4 Rc8 21.
Rfd1 Raa8 22. R8d7 Nf5 1/2-1/2

[Event "Online Olym Div3 E 2020"]
[Site "chess.com INT"]
[Date "2020.07.07"]
[Round "2.2"]
[Board "2"]
[White "Ortiz, Marcos"]
[Black "Del Castilho, Martyn"]
[Result "0-1"]
[BlackTitle "FM"]
[WhiteElo "2191"]
[BlackElo "2293"]
[WhiteTeam "Nicaragua"]
[BlackTeam "Barbados"]
[WhiteFideId "6100678"]
[BlackFideId "11100400"]
[EventDate "2020.07.07"]
[EventType "team"]

1. e4 e5 2. Nf3 Nc6 3. Bb5 a6 4. Ba4 Nf6 5. d4 exd4 6. O-O Be7 7. Re1 b5 8. Bb3
d6 9. Bd5 Nxd5 10. exd5 Ne5 11. Nxd4 O-O 12. a4 Bd7 13. Nc3 b4 14. Nce2 Bf6 15.
b3 Qb8 16. Bb2 Qb7 17. Nf4 Ng6 18. Nh5 Be5 19. Qf3 Rae8 20. g3 Ne7 21. Rxe5 dxe5
22. Nc6 Nxc6 23. dxc6 Qxc6 24. Qxc6 Bxc6 25. f4 Bf3 26. Nxg7 Kxg7 27. Bxe5+ f6 0-1

[Event "Online Olym Div3 E 2020"]
[Site "chess.com INT"]
[Date "2020.07.07"]
[Round "2.2"]
[Board "3"]
[White "Blackman, Katrina"]
[Black "Granados Diaz, Maria Esther"]
[Result "0-1"]
[WhiteTitle "WCM"]
[BlackTitle "WIM"]
[WhiteElo "1701"]
[BlackElo "1839"]
[WhiteTeam "Barbados"]
[BlackTeam "Nicaragua"]
[WhiteFideId "11100540"]
[BlackFideId "6101488"]
[EventDate "2020.07.07"]
[EventType "team"]

1. d4 Nf6 2. Nf3 d6 3. Bf4 Nbd7 4. h3 c5 5. c3 cxd4 6. cxd4 e5 7. dxe5 dxe5 8.
Bh2 e4 9. Nd4 e3 10. Nc3 exf2+ 11. Kxf2 Bc5 12. e3 O-O 13. Bd3 Re8 14. Re1 Ne5
15. Bxe5 Rxe5 16. Nf3 Re8 17. Qd2 b6 18. Rad1 Bb7 19. Kf1 Nh5 20. Qf2 Qf6 21.
Bb5 Red8 22. Rd7 Rxd7 23. Bxd7 Nf4 24. Rd1 Ba6+ 25. Bb5 Bxb5+ 26. Nxb5 Re8 27.
Nbd4 Ng6 28. Rd2 h6 29. Rc2 Qe7 30. Re2 Ne5 31. Nxe5 Qxe5 32. b3 Qe4 33. Nc2 Re6
34. Kg1 Rf6 35. Qg3 Bd6 36. Qe1 Rg6 37. Nd4 Bc5 38. Nf3 Qxf3 39. Kh1 Qe4 40. Qd2
Qb1+ 41. Re1 Qe4 42. Re2 Rd6 43. Qe1 Bb4 44. Qf1 Rf6 45. Qd1 Rd6 46. Qf1 Rd2 47.
Rxd2 Bxd2 48. Qa6 Bxe3 49. Qc8+ Kh7 50. Qc7 Bf4 0-1

[Event "Online Olym Div3 E 2020"]
[Site "chess.com INT"]
[Date "2020.07.07"]
[Round "2.2"]
[Board "4"]
[White "Ferrufino, Michelle"]
[Black "Figueroa, Julissa"]
[Result "1-0"]
[BlackTitle "WCM"]
[WhiteElo "1822"]
[BlackElo "1658"]
[WhiteTeam "Nicaragua"]
[BlackTeam "Barbados"]
[WhiteFideId "6103162"]
[BlackFideId "7300450"]
[EventDate "2020.07.07"]
[EventType "team"]

1. e4 c5 2. Nc3 e6 3. Nge2 a6 4. g3 Nc6 5. Bg2 b5 6. d3 Bb7 7. O-O Be7 8. Be3
Nf6 9. h3 d5 10. exd5 Nxd5 11. Nxd5 exd5 12. d4 c4 13. Nf4 Nb8 14. Qh5 g6 15.
Qe5 O-O 16. Nxd5 Bxd5 17. Bxd5 Bf6 18. Qe4 Re8 19. Bxf7+ Kxf7 20. Qxa8 Qd7 21.
Rad1 Nc6 22. Qxa6 Qd5 23. a4 bxa4 24. Qxa4 Rd8 25. b3 cxb3 26. Qxb3 Qxb3 27.
cxb3 Nxd4 28. Bxd4 Rxd4 29. Rxd4 Bxd4 30. Rd1 Bc5 31. Kf1 Ke6 32. f3 h6 33. Ke2
Ke5 34. Rd8 Kf6 35. Kd3 Bf2 36. g4 Kg5 37. b4 h5 38. b5 hxg4 39. hxg4 Kf4 40.
Ke2 Bb6 41. Rd6 1-0

[Event "Online Olym Div3 E 2020"]
[Site "chess.com INT"]
[Date "2020.07.07"]
[Round "2.2"]
[Board "5"]
[White "Mahtani, Nitin"]
[Black "Escorcia Obando, Carlos David"]
[Result "0-1"]
[WhiteElo "1736"]
[BlackElo "1831"]
[WhiteTeam "Barbados"]
[BlackTeam "Nicaragua"]
[WhiteFideId "11102870"]
[BlackFideId "6106641"]
[EventDate "2020.07.07"]
[EventType "team"]

1. d4 d5 2. c4 e6 3. Nc3 Nf6 4. Nf3 Be7 5. Bg5 O-O 6. e3 b6 7. Rc1 Bb7 8. cxd5
exd5 9. Bd3 Nbd7 10. O-O Re8 11. Qc2 Ne4 12. Bxe7 Qxe7 13. Nd2 c5 14. Bb5 Rac8
15. Ndxe4 dxe4 16. Qa4 Red8 17. Qxa7 cxd4 18. exd4 Nf6 19. Qxb6 e3 20. fxe3
Qxe3+ 21. Kh1 Rb8 22. Qc5 Ng4 23. Qf5 Qh3 24. d5 Qxh2# 0-1

[Event "Online Olym Div3 E 2020"]
[Site "chess.com INT"]
[Date "2020.07.07"]
[Round "2.2"]
[Board "6"]
[White "Munoz Cortez, Anahi Alexandra"]
[Black "Greenidge, Vanessa"]
[Result "0-1"]
[WhiteElo "1284"]
[BlackElo "1496"]
[WhiteTeam "Nicaragua"]
[BlackTeam "Barbados"]
[WhiteFideId "6109527"]
[BlackFideId "11103876"]
[EventDate "2020.07.07"]
[EventType "team"]

1. e4 c5 2. Nf3 g6 3. Bc4 Bg7 4. d3 Nc6 5. Nc3 d6 6. h3 Nf6 7. O-O O-O 8. Be3
Bd7 9. Qd2 a6 10. a3 b5 11. Ba2 Rb8 12. Bh6 Nd4 13. Nxd4 cxd4 14. Ne2 Qb6 15.
Bxg7 Kxg7 16. Ng3 Rfc8 17. Rac1 b4 18. axb4 Qxb4 19. Qxb4 Rxb4 20. b3 Be6 21. f4
a5 22. f5 Bd7 23. Bb1 a4 24. bxa4 Bxa4 25. Ne2 e5 26. fxe6 fxe6 27. Ba2 e5 28.
Bc4 Rb2 29. Ng3 Rxc2 30. Rxc2 Bxc2 31. Rf2 Ba4 32. Ra2 Be8 33. Ra7+ Kh8 34. Nh1
Nh5 35. Kf2 Nf4 36. Kf3 Rb8 37. Nf2 Bb5 38. g3 Nh5 39. Bxb5 Rxb5 40. Rd7 Rb6 41.
Ng4 Kg8 42. Re7 Rb3 43. Kf2 Rxd3 44. Re6 Rxg3 45. Nf6+ Nxf6 46. Kxg3 Nxe4+ 47.
Kg2 d3 48. Kf1 d2 49. Ke2 Kf7 50. Rxd6 Nxd6 51. Kxd2 Ke6 52. Ke3 Kf5 53. Kf3 h5
54. h4 e4+ 55. Ke3 Nf7 56. Ke2 Kf4 57. Kf2 e3+ 58. Ke2 Ne5 59. Ke1 Kf3 60. Kf1
e2+ 61. Ke1 Nd3+ 62. Kd2 Kf2 63. Kxd3 e1=Q 64. Kc4 Qd2 65. Kc5 Ke3 66. Kc4 Ke4
67. Kc5 Qd4+ 68. Kc6 Qd5+ 69. Kc7 Qe6 70. Kb8 Qf7 71. Ka8 Kd5 72. Kb8 Kc6 73.
Ka8 Qb7# 0-1